LEADER 01158nam a2200229 i 4500 001 000000023473 003 CaOOAMICUS 005 20180830125446.0 008 180830s1988 it u000 u ita u 040 $aSeMil$bita 100 1 $aConte, Gian Biagio.$0(OLS)http://semarc/name/10455 245 10$aStoria e testi della letteratura latina :$bcon pagine critiche /$cGian Biagio Conte [e] Emilio Pianezzola. 260 $aFirenze :$bLe Monnier,$c1988-1989. 300 $a3 v. ;$c24 cm. 650 4$aLetteratura latina - Testi.$0(OLS)http://semarc/subject/1214 650 4$aLetteratura latina - Manuali.$0(OLS)http://semarc/subject/3655 700 1 $aPianezzola, Emilio,$d<1935-2016>.$0(OLS)http://semarc/name/10456 774 0 $aConte, Gian Biagio$tAlta e media repubblica.$z88-00-42192-X$g1$w()190757 774 0 $aConte, Gian Biagio$tTarda repubblica e l'età di Augusto.$z88-00-42193-8$g2$w()190759 774 0 $aConte, Gian Biagio$tEtà imperiale.$z88-00-42194-6$g3$w()190760 996 $6245$aStoria e testi della letteratura latina :$bcon pagine critiche$9(OLS)http://semarc/title/31469 996 $6260$aFirenze :$bLe Monnier$9(OLS)http://semarc/publisher/30060 LEADER 00881nam a2200205 i 4500 001 000000178889 003 CaOOAMICUS 005 20090415000000.0 008 090415s1986 it u000 u ita u 013 $a156464 040 $aSeMil$bita 100 1 $aLongo, Pier Giorgio <1945-2013>.$0(OLS)http://semarc/name/42475 245 10$aLetteratura e pietà a Novara tra 15. e 16. secolo /$cPier Giorgio Longo. 260 $aNovara :$b[s.n.],$c1986. 300 $a437 p. :$bill. ;$c24 cm. 500 $aAi pie' del front : Associazione di Storia della Chiesa Novarese ; Fondazione Achille Marazza. Borgomanero. 850 $aSeMil 852 $aSeMil$W1$xVenegono$y1$m3A IV 176$j129658$B129658$CSeMilBibl$Z2$F141146 $81 996 $6245$aLetteratura e pietà a Novara tra 15. e 16. secolo$9(OLS)http://semarc/title/256943 996 $6260$aNovara :$b[s.n.]$9(OLS)http://semarc/publisher/30468